| 000 | 01254nam a2200217Ia 4500 | ||
|---|---|---|---|
| 003 | Ost | ||
| 005 | 20260507075045.0 | ||
| 008 | 260507s9999||||xx |||||||||||||| ||und|| | ||
| 040 | _cfsecg | ||
| 041 | _aara | ||
| 082 | _a330 | ||
| 100 |
_aأبو قحف، عبد السلام _eمؤلف |
||
| 245 | 0 |
_aالتسويق : _bمدخل تطبيقي / _c عبد السلام أبو قحف |
|
| 260 |
_aالإسكندرية: _bدار الجامعة الجديدة, _c2002 |
||
| 300 |
_a942 صفحة؛ _bإيضاحات ؛ _c24 سم |
||
| 504 | _a4أجزاء 4أجزاء | ||
| 520 | _aالتطور والأهمية النسبية-طبيعة النشاط التسويقي-البيئة التسويقية-نظم المعلومات التسويقية-بحوث التسويقية-بحوث التسويق-أساليب القياس والمعاينة وتجهيز البيانات-التبؤ وأساليبه-دراسة سلوك المستهلك التصنيف والنماذج-القطاعات السوقية-المزيج التسويقي المقدمات الأساسية-السلعة-التسعير-المكان قنوات التوزيع-المزيج الترويجي | ||
| 653 | _aأدارة المبيعات | ||
| 653 | _aالتسويق | ||
| 942 | _cكتاب | ||
| 999 |
_c42564 _d42564 |
||